Getting acquainted with minerals (Record no. 44544)

MARC details
000 -LEADER
fixed length control field 00508nam a2200145 a 4500
008 - FIXED-LENGTH DATA ELEMENTS--GENERAL INFORMATION
fixed length control field 120416s1958 ||||||||||||||||| || u
050 ## - LIBRARY OF CONGRESS CALL NUMBER
Classification number QE 365 Eng
100 ## - MAIN ENTRY--PERSONAL NAME
Personal name English, George Letchworth
245 10 - TITLE STATEMENT
Title Getting acquainted with minerals
250 ## - EDITION STATEMENT
Edition statement rev. and e
260 ## - PUBLICATION, DISTRIBUTION, ETC.
Place of publication, distribution, etc. New York
Name of publisher, distributor, etc. McGraw-Hill
Date of publication, distribution, etc. 1958
300 ## - PHYSICAL DESCRIPTION
Extent xi, 362p. : ill
350 ## - PRICE (NR) (BK AM CF MU VM SE) [OBSOLETE]
Price 0.00
995 ## - RECOMMENDATION 995 [LOCAL, UNIMARC FRANCE]
-- 0.00
-- CBU-MAIN LIBRARY (Kitwe)
-- 1
-- 7.95
-- AVAILABLE
-- Annex Low-Usage Collection
Holdings
Withdrawn status Lost status Source of classification or shelving scheme Damaged status Not for loan Home library Current library Shelving location Date acquired Total Checkouts Full call number Barcode Date last seen Price effective from Koha item type
          CBU-MAIN LIBRARY, KITWE. CBU-MAIN LIBRARY, KITWE.   11/30/2022   QE 365 Eng 013508 11/30/2022 11/30/2022 MONOGRAPH